| 000 | 00892nas a22002057a 4500 | ||
|---|---|---|---|
| 003 | NALT | ||
| 005 | 20211007142034.0 | ||
| 008 | 170828b xxu||||| |||| 00| 0 tha d | ||
| 040 | _aNALT | ||
| 041 | 0 | _atha | |
| 245 | 1 | 0 | _aGREEN NETWORK |
| 260 | 3 |
_aกรุงเทพฯ : _bบริษัท เทคโนโลยี มีเดีย จำกัด |
|
| 310 | _aรายสองเดือน | ||
| 500 | _aเผยแพร่ในรูปแบบวารสารอิเล็กทรอนิกส์ตั้งแต่เดือนมีนาคม 2563 | ||
| 850 | _aNALT | ||
| 856 | _uhttps://www.greennetworkthailand.com/ | ||
| 866 | 3 | 1 | _aปี พ.ศ. 2562 ฉบับที่ 91-96 (ม.ค.-ธ.ค. 2562), ปี พ.ศ. 2563 ฉบับที่ 97 (ม.ค.-ก.พ. 2563) |
| 942 |
_cJNR _2lcc _02 |
||
| 998 |
_b34 _d2017-03-29 10:07:23.883 _j755 _k จินตนา เอี่ยมคง |
||
| 999 |
_c91942 _d91942 |
||